[Event "HUN-chT2 Szechenyi 1112"]
[Site "Hungary"]
[Date "2012.05.20"]
[Round "11.5"]
[White "Szabo, Zoltan"]
[Black "Ruszin, Tibor"]
[Result "0-1"]
[WhiteElo "1874"]
[BlackElo "2086"]
[PlyCount "79"]
[EventDate "2011.09.25"]
[EventType "team-tourn"]
[EventRounds "11"]
[EventCountry "HUN"]
[SourceTitle "EXT 2013"]
[Source "ChessBase"]
[SourceDate "2012.11.22"]
[SourceVersion "1"]
[SourceVersionDate "2012.11.22"]
[SourceQuality "1"]
[WhiteTeam "Pet"]
[BlackTeam "Zala Volan"]
[WhiteTeamCountry "HUN"]
[BlackTeamCountry "HUN"]

1. e4 c5 2. Nf3 g6 3. d4 cxd4 4. Nxd4 Bg7 5. c4 Nc6 6. Be3 Nf6 7. Nc3 Ng4 8. Qxg4 Nxd4 9. Qd1 Ne6 10. Be2 Qa5 11. Qd2 b6 12. 0-0 Bb7 13. f3 g5 14. Rab1 Qe5 15. Nd5 d6 16. b4 Rc8 17. Rfd1 Bxd5 18. exd5 Nf4 19. Bf1 h6 20. Qf2 Qf5 21. Kh1 Be5 22. c5 dxc5 23. bxc5 0-0 24. Rbc1 bxc5 25. g3 Ng6 26. Bxc5 Bd6 27. Bxd6 exd6 28. Rxc8 Rxc8 29. Qe2 Rc2 30. Qe8+ Kg7 31. Qe3 Rxa2 32. Kg1 Ne5 33. Be2 Qc2 34. Kf1 a5 35. h4 gxh4 36. gxh4 Qf5 37. Qg1+ Kf6 38. Qg2 Ra3 39. Kf2 Qf4 40. Qh1 0-1

[Event "HUN-chT2 Szechenyi 1112"]
[Site "Hungary"]
[Date "2012.03.12"]
[Round "7.5"]
[White "Babos, Zsolt"]
[Black "Ruszin, Tibor"]
[Result "1-0"]
[WhiteElo "1938"]
[BlackElo "2086"]
[PlyCount "83"]
[EventDate "2011.09.25"]
[EventType "team-tourn"]
[EventRounds "11"]
[EventCountry "HUN"]
[SourceTitle "EXT 2013"]
[Source "ChessBase"]
[SourceDate "2012.11.22"]
[SourceVersion "1"]
[SourceVersionDate "2012.11.22"]
[SourceQuality "1"]
[WhiteTeam "Haladas"]
[BlackTeam "Zala Volan"]
[WhiteTeamCountry "HUN"]
[BlackTeamCountry "HUN"]

1. d4 Nf6 2. c4 c5 3. d5 e6 4. Nc3 exd5 5. cxd5 d6 6. Nf3 g6 7. Nd2 Bg7 8. e4 0-0 9. Be2 Re8 10. 0-0 Na6 11. f3 h5 12. Nc4 h4 13. Bg5 h3 14. g3 Nc7 15. a4 Qd7 16. Bf4 Bf8 17. g4 Nh7 18. Qe1 f5 19. Qg3 g5 20. gxf5 Qg7 21. Bxd6 Nxd5 22. Nxd5 Bxf5 23. Be5 Qf7 24. Nc7 Be6 25. Nxe8 Rxe8 26. Nd6 Bxd6 27. Bxd6 Rd8 28. Bxc5 Rd2 29. Qb8+ Kg7 30. Qe5+ Kh6 31. Rf2 Rd8 32. Rd1 Re8 33. Rd6 Nf8 34. Bc4 Kh7 35. Bxe6 Nxe6 36. Qd5 Qg6 37. Be3 g4 38. Rd7+ Ng7 39. Qg5 gxf3 40. Rxf3 Qxg5+ 41. Bxg5 Rxe4 42. Bf6 1-0

[Event "HUN-chT2 Szechenyi 1011"]
[Site "Hungary"]
[Date "2010.09.26"]
[Round "2.5"]
[White "Ruszin, Tibor"]
[Black "Horvath, Reka"]
[Result "1-0"]
[WhiteElo "2090"]
[BlackElo "1971"]
[PlyCount "73"]
[EventDate "2010.09.12"]
[EventType "team-tourn"]
[EventRounds "11"]
[EventCountry "HUN"]
[SourceTitle "EXT 2012"]
[Source "ChessBase"]
[SourceDate "2011.11.24"]
[SourceVersion "1"]
[SourceVersionDate "2011.11.24"]
[SourceQuality "1"]
[WhiteTeam "Zala Volan"]
[BlackTeam "HVSE Infraplan"]
[WhiteTeamCountry "HUN"]
[BlackTeamCountry "HUN"]

1. e4 g6 2. d4 Bg7 3. Nc3 d6 4. f4 a6 5. Nf3 b5 6. a4 b4 7. Na2 a5 8. c3 bxc3 9. Nxc3 Ba6 10. Be2 Qc8 11. 0-0 Qb7 12. Kh1 Nf6 13. e5 Ng4 14. h3 h5 15. Ng5 Nh6 16. Bf3 c6 17. Re1 d5 18. Ra3 Bc4 19. Be2 Bxe2 20. Rxe2 Nf5 21. Rb3 Qa7 22. Rd2 Na6 23. Ne2 Nb4 24. e6 f6 25. Nf7 Rh7 26. Ng3 Nh6 27. f5 Nxf5 28. Nxf5 gxf5 29. Qf3 Kf8 30. Qxf5 Kg8 31. Rg3 Qc7 32. Rg6 Qc8 33. Re2 c5 34. Bh6 cxd4 35. Bxg7 Qc1+ 36. Kh2 d3 37. Bh6+ 1-0

[Event "HUN-chT2 Szechenyi 0910"]
[Site "Hungary"]
[Date "2009.11.22"]
[Round "2.5"]
[White "Ruszin, Tibor"]
[Black "Rezsek, Gyozo"]
[Result "0-1"]
[WhiteElo "2108"]
[BlackElo "2076"]
[PlyCount "85"]
[EventDate "2009.11.08"]
[EventType "team-tourn"]
[EventRounds "11"]
[EventCountry "HUN"]
[SourceTitle "EXT 2011"]
[Source "ChessBase"]
[SourceDate "2010.11.26"]
[SourceVersion "1"]
[SourceVersionDate "2010.11.26"]
[SourceQuality "1"]
[WhiteTeam "Zala Volan"]
[BlackTeam "Keszthely"]
[WhiteTeamCountry "HUN"]
[BlackTeamCountry "HUN"]

1. e4 c5 2. Nf3 d6 3. c3 Nf6 4. Be2 Nc6 5. d4 g6 6. 0-0 Bg7 7. d5 Ne5 8. Nxe5 dxe5 9. Be3 Qc7 10. Na3 a6 11. Qa4+ Bd7 12. Bb5 0-0 13. Bxd7 Nxd7 14. c4 Nf6 15. f3 Ne8 16. Nb5 Qc8 17. Nc3 Nd6 18. Rac1 b5 19. cxb5 axb5 20. Qb3 c4 21. Qb4 Qd7 22. Bc5 Bh6 23. Rc2 Rfb8 24. g3 Bg7 25. b3 cxb3 26. axb3 Bh6 27. f4 Bg7 28. fxe5 Bxe5 29. Bd4 f6 30. Bxe5 fxe5 31. Nd1 Qa7+ 32. Nf2 Rc8 33. Rfc1 Rxc2 34. Rxc2 Qe3 35. Kg2 Rf8 36. Qd2 Qf3+ 37. Kg1 Nxe4 38. Qe2 Qxe2 39. Rxe2 Nxf2 40. Rxf2 Rd8 41. Rd2 Rd6 42. Kf2 e6 43. Ke3 0-1

[Event "Devecser Esterhazy Memorial op"]
[Site "Devecser"]
[Date "2009.07.05"]
[Round "6"]
[White "Finszter, Mate"]
[Black "Ruszin, Tibor"]
[Result "1/2-1/2"]
[WhiteElo "2067"]
[BlackElo "2082"]
[PlyCount "52"]
[EventDate "2009.07.02"]
[EventType "swiss"]
[EventRounds "7"]
[EventCountry "HUN"]
[SourceTitle "EXT 2011"]
[Source "ChessBase"]
[SourceDate "2010.11.26"]
[SourceVersion "1"]
[SourceVersionDate "2010.11.26"]
[SourceQuality "1"]

1. d4 c5 2. d5 d6 3. e4 Nf6 4. Nc3 g6 5. f4 Bg7 6. Bb5+ Nfd7 7. a4 a6 8. Bd3 Qc7 9. Nf3 c4 10. Be2 0-0 11. Nd2 Nc5 12. 0-0 Nbd7 13. Qe1 Rb8 14. Bxc4 Nxa4 15. Nxa4 b5 16. Bd3 bxa4 17. Rxa4 Bxb2 18. Bxb2 Rxb2 19. Qa1 Rb8 20. f5 Nc5 21. fxg6 hxg6 22. Ra3 Nxd3 23. cxd3 Qc2 24. Nc4 Rb3 25. Rxb3 Qxb3 26. Qd4 Bg4 1/2-1/2

[Event "Devecser Esterhazy Memorial op"]
[Site "Devecser"]
[Date "2009.07.04"]
[Round "5"]
[White "Ruszin, Tibor"]
[Black "Hagymasi, Janos"]
[Result "1-0"]
[WhiteElo "2082"]
[BlackElo "1978"]
[PlyCount "29"]
[EventDate "2009.07.02"]
[EventType "swiss"]
[EventRounds "7"]
[EventCountry "HUN"]
[SourceTitle "EXT 2011"]
[Source "ChessBase"]
[SourceDate "2010.11.26"]
[SourceVersion "1"]
[SourceVersionDate "2010.11.26"]
[SourceQuality "1"]

1. e4 e5 2. f4 exf4 3. Nf3 Nf6 4. e5 Nh5 5. Qe2 Be7 6. d4 Bh4+ 7. Kd1 g6 8. Nc3 c6 9. Ne4 Be7 10. g4 fxg3 11. hxg3 b6 12. Bh6 Rg8 13. Rxh5 d5 14. exd6 gxh5 15. Nf6# 1-0

[Event "Devecser Esterhazy Memorial op"]
[Site "Devecser"]
[Date "2009.07.03"]
[Round "2"]
[White "Boguszlavszkij, Jevgenyij"]
[Black "Ruszin, Tibor"]
[Result "1-0"]
[WhiteElo "2272"]
[BlackElo "2082"]
[PlyCount "53"]
[EventDate "2009.07.02"]
[EventType "swiss"]
[EventRounds "7"]
[EventCountry "HUN"]
[SourceTitle "EXT 2011"]
[Source "ChessBase"]
[SourceDate "2010.11.26"]
[SourceVersion "1"]
[SourceVersionDate "2010.11.26"]
[SourceQuality "1"]

1. d4 d5 2. Nf3 Nf6 3. e3 e6 4. Bd3 c5 5. c3 Nc6 6. Nbd2 cxd4 7. exd4 Be7 8. 0-0 0-0 9. Ne5 Bd7 10. Re1 Be8 11. Nf1 Nd7 12. Qh5 f5 13. Nxc6 bxc6 14. Qe2 e5 15. dxe5 Nc5 16. Bc2 Ne4 17. f3 Bc5+ 18. Be3 Bxe3+ 19. Nxe3 Ng5 20. Bxf5 d4 21. Qc4+ Bf7 22. Qxd4 Be6 23. Bxe6+ Nxe6 24. Qc4 Qc8 25. Rad1 Kh8 26. Rd6 Nd8 27. e6 1-0

[Event "Devecser Esterhazy Memorial op"]
[Site "Devecser"]
[Date "2009.07.03"]
[Round "3"]
[White "Ruszin, Tibor"]
[Black "Marton, Jozsef"]
[Result "1-0"]
[WhiteElo "2082"]
[BlackElo "2171"]
[PlyCount "55"]
[EventDate "2009.07.02"]
[EventType "swiss"]
[EventRounds "7"]
[EventCountry "HUN"]
[SourceTitle "EXT 2011"]
[Source "ChessBase"]
[SourceDate "2010.11.26"]
[SourceVersion "1"]
[SourceVersionDate "2010.11.26"]
[SourceQuality "1"]

1. Nf3 b6 2. e4 Bb7 3. Bc4 e6 4. Qe2 g6 5. d4 Bg7 6. Nc3 Ne7 7. h4 d5 8. exd5 Nxd5 9. Bxd5 Bxd5 10. Bg5 f6 11. Bf4 0-0 12. 0-0-0 Re8 13. Rhe1 Bb7 14. Qc4 Ba6 15. Qxc7 Qxc7 16. Bxc7 Nd7 17. Ne4 Rec8 18. Bf4 Rc6 19. Nd6 Nf8 20. d5 exd5 21. Rxd5 Rd8 22. Nd4 Rc5 23. Rxc5 bxc5 24. Nc6 Rxd6 25. Bxd6 Bb7 26. Nxa7 Bxg2 27. Bxc5 Nd7 28. Re8+ 1-0

[Event "HUN-chT2 Szechenyi 0708"]
[Site "Hungary"]
[Date "2008.05.18"]
[Round "11"]
[White "Mihalyfi, Gabor"]
[Black "Ruszin, Tibor"]
[Result "1/2-1/2"]
[WhiteElo "2072"]
[BlackElo "2129"]
[PlyCount "154"]
[EventDate "2007.10.14"]
[EventType "team"]
[EventRounds "11"]
[EventCountry "HUN"]
[SourceTitle "EXT 2009"]
[Source "ChessBase"]
[SourceDate "2008.11.26"]
[SourceVersion "1"]
[SourceVersionDate "2008.11.26"]
[SourceQuality "1"]
[WhiteTeam "Ajka Banyasz"]
[BlackTeam "Zala Volan"]
[WhiteTeamCountry "HUN"]
[BlackTeamCountry "HUN"]

1. e4 c5 2. Nf3 e6 3. d4 cxd4 4. Nxd4 Nf6 5. Nc3 Nc6 6. Be3 Bb4 7. Bd3 d5 8. Nxc6 bxc6 9. e5 d4 10. Bd2 Nd7 11. Ne4 Bxd2+ 12. Qxd2 Nxe5 13. Qb4 Qb6 14. Qa3 a5 15. Nd6+ Kd7 16. Nxc8 Raxc8 17. 0-0 Qb4 18. Qxb4 axb4 19. Be2 h5 20. h3 Kd6 21. f4 Nd7 22. Rfd1 e5 23. fxe5+ Kxe5 24. Bc4 Rcf8 25. Re1+ Kd6 26. Rad1 c5 27. c3 bxc3 28. bxc3 Ne5 29. Bb5 f6 30. a4 Kd5 31. Re2 Rd8 32. Red2 Ke4 33. Re1+ Kf4 34. Red1 Ke4 35. Re2+ Kd5 36. Red2 Nc6 37. Bxc6+ Kxc6 38. cxd4 cxd4 39. Rxd4 Rxd4 40. Rxd4 Ra8 41. Kf2 Kc5 42. Re4 Kd5 43. Kf3 Rb8 44. Re3 Kc4 45. Kf4 Rb2 46. Kf3 Kb4 47. Re7 Rb3+ 48. Kf4 g5+ 49. Kf5 Rg3 50. Re2 Kxa4 51. Kxf6 Kb4 52. Re5 g4 53. Rxh5 gxh3 54. gxh3 Rf3+ 55. Kg5 Rf1 56. Rh8 Rg1+ 57. Kf4 Kc5 58. Re8 Kd6 59. h4 Kd7 60. Re4 Rh1 61. Kg5 Rg1+ 62. Kh6 Rg2 63. h5 Rg1 64. Kh7 Rg2 65. Kh6 Rg1 66. Re5 Kd6 67. Ra5 Ke7 68. Ra6 Kf7 69. Rg6 Rh1 70. Rg5 Kf6 71. Rg2 Rf1 72. Kh7 Rf3 73. h6 Kf7 74. Rg7+ Kf8 75. Rg4 Rf1 76. Kg6 Kg8 77. Rb4 Rg1+ 1/2-1/2

[Event "HUN-chT2 Szechenyi 0708"]
[Site "Hungary"]
[Date "2008.02.17"]
[Round "6"]
[White "Ruszin, Tibor"]
[Black "Toth, Szabolcs"]
[Result "1/2-1/2"]
[WhiteElo "2129"]
[BlackElo "2014"]
[PlyCount "80"]
[EventDate "2007.10.14"]
[EventType "team"]
[EventRounds "11"]
[EventCountry "HUN"]
[SourceTitle "EXT 2009"]
[Source "ChessBase"]
[SourceDate "2008.11.26"]
[SourceVersion "1"]
[SourceVersionDate "2008.11.26"]
[SourceQuality "1"]
[WhiteTeam "Zala Volan"]
[BlackTeam "Kertvaros"]
[WhiteTeamCountry "HUN"]
[BlackTeamCountry "HUN"]

1. e4 e5 2. Nf3 Nc6 3. Bb5 Nf6 4. 0-0 d6 5. d4 exd4 6. Qxd4 Bd7 7. Bxc6 Bxc6 8. Nc3 Be7 9. b3 0-0 10. Bb2 Ne8 11. Qc4 Bf6 12. Rad1 Bd7 13. h3 b5 14. Qd3 b4 15. Na4 Bxa4 16. Bxf6 Nxf6 17. bxa4 Qe8 18. Qc4 Qxa4 19. e5 dxe5 20. Nxe5 Qa5 21. Nc6 Qb6 22. Nxb4 c5 23. Nd3 Rac8 24. Rfe1 Rc7 25. Re5 Rfc8 26. Rde1 Qd6 27. c3 Kf8 28. R1e3 Rb8 29. Nxc5 Rbc8 30. Qf4 Rxc5 31. Re8+ Nxe8 32. Rxe8+ Kxe8 33. Qxd6 Rxc3 34. Qd4 Kf8 35. Qxa7 Rc1+ 36. Kh2 R1c7 37. Qd4 Kg8 38. Qg4 Rc4 39. f4 Ra8 40. Qf3 Rca4 1/2-1/2

[Event "HUN-chT2 Szechenyi 0607"]
[Site "Hungary"]
[Date "2007.04.15"]
[Round "8"]
[White "Ruszin, Tibor"]
[Black "Lang, Gusztav"]
[Result "1-0"]
[WhiteElo "2076"]
[BlackElo "2050"]
[PlyCount "67"]
[EventDate "2006.11.12"]
[EventType "team"]
[EventRounds "11"]
[EventCountry "HUN"]
[SourceTitle "EXT 2008"]
[Source "ChessBase"]
[SourceDate "2007.11.25"]
[SourceVersion "1"]
[SourceVersionDate "2007.11.25"]
[SourceQuality "1"]
[WhiteTeam "Zala Volan"]
[BlackTeam "Sarvar"]
[WhiteTeamCountry "HUN"]
[BlackTeamCountry "HUN"]

1. e4 c5 2. Nf3 d6 3. c3 Nf6 4. Bc4 e6 5. Qe2 Nc6 6. 0-0 Be7 7. d4 0-0 8. e5 dxe5 9. dxe5 Nd7 10. Rd1 Qc7 11. Bf4 a6 12. a4 Nb6 13. Nbd2 Na5 14. Bd3 Bd7 15. Bg5 f6 16. exf6 Bxf6 17. Ne4 Nd5 18. Nxf6+ Nxf6 19. Bxf6 Rxf6 20. Bxh7+ Kxh7 21. Qd3+ Kg8 22. Qxd7 Qb6 23. b4 cxb4 24. cxb4 Nc6 25. b5 Rd8 26. bxc6 Rxd7 27. cxd7 Rf8 28. Rac1 Rd8 29. Rc8 Kf8 30. Ne5 Ke7 31. Rxd8 Qxd8 32. Rc1 Qa5 33. Rd1 Qd8 34. f4 1-0

[Event "HUN-chT2 Szechenyi 0607"]
[Site "Hungary"]
[Date "2007.03.25"]
[Round "7"]
[White "Ruszin, Tibor"]
[Black "Finy, Mark"]
[Result "1-0"]
[WhiteElo "2076"]
[BlackElo "1762"]
[PlyCount "77"]
[EventDate "2006.11.12"]
[EventType "team"]
[EventRounds "11"]
[EventCountry "HUN"]
[SourceTitle "EXT 2008"]
[Source "ChessBase"]
[SourceDate "2007.11.25"]
[SourceVersion "1"]
[SourceVersionDate "2007.11.25"]
[SourceQuality "1"]
[WhiteTeam "Zala Volan"]
[BlackTeam "Arboretum"]
[WhiteTeamCountry "HUN"]
[BlackTeamCountry "HUN"]

1. Nf3 d5 2. c4 e6 3. g3 Nf6 4. Bg2 c6 5. Qc2 Be7 6. 0-0 0-0 7. d4 dxc4 8. Qxc4 Qd5 9. Qxd5 exd5 10. Ne5 Bf5 11. Nd2 Nbd7 12. Nxd7 Bxd7 13. e4 dxe4 14. Nxe4 Rfe8 15. Nc3 Be6 16. Bg5 Nd5 17. Bxe7 Rxe7 18. Nxd5 Bxd5 19. Bxd5 cxd5 20. Rfe1 Rae8 21. Kf1 Rxe1+ 22. Rxe1 Rxe1+ 23. Kxe1 Kf8 24. Kd2 Ke7 25. Kc3 Kd6 26. Kb4 Kc6 27. Ka5 Kc7 28. Kb5 Kd6 29. f4 f5 30. h3 g6 31. a3 h6 32. h4 h5 33. a4 b6 34. Ka6 Kc6 35. b4 Kc7 36. Kxa7 Kc6 37. b5+ Kc7 38. a5 bxa5 39. b6+ 1-0

[Event "HUN-chT2 Szechenyi 0607"]
[Site "Hungary"]
[Date "2007.02.18"]
[Round "5"]
[White "Ruszin, Tibor"]
[Black "Hagymasi, Janos"]
[Result "1-0"]
[WhiteElo "2076"]
[BlackElo "1979"]
[PlyCount "61"]
[EventDate "2006.11.12"]
[EventType "team"]
[EventRounds "11"]
[EventCountry "HUN"]
[SourceTitle "EXT 2008"]
[Source "ChessBase"]
[SourceDate "2007.11.25"]
[SourceVersion "1"]
[SourceVersionDate "2007.11.25"]
[SourceQuality "1"]
[WhiteTeam "Zala Volan"]
[BlackTeam "Veszprem"]
[WhiteTeamCountry "HUN"]
[BlackTeamCountry "HUN"]

1. e4 e5 2. Nf3 Nc6 3. Bb5 a6 4. Bxc6 dxc6 5. 0-0 f6 6. d4 Bg4 7. dxe5 Qxd1 8. Rxd1 fxe5 9. Rd3 Nf6 10. Nc3 Bxf3 11. gxf3 Bd6 12. Ne2 Kf7 13. Ng3 g6 14. Be3 Rad8 15. Rad1 Be7 16. f4 Ng4 17. Rd7 Ke6 18. f5+ Kf6 19. Bc1 Bd6 20. Rxd8 Rxd8 21. h3 Nxf2 22. Kxf2 Bc5+ 23. Ke2 Rxd1 24. Kxd1 Bf2 25. Nh1 Bc5 26. fxg6 Kxg6 27. Ke2 Kh5 28. Be3 Bxe3 29. Kxe3 Kh4 30. Nf2 Kg3 31. Ng4 1-0

[Event "HUN-chT2 Szechenyi 0607"]
[Site "Hungary"]
[Date "2006.12.03"]
[Round "3"]
[White "Horvath, Balazs"]
[Black "Ruszin, Tibor"]
[Result "1-0"]
[WhiteElo "2065"]
[BlackElo "2076"]
[PlyCount "137"]
[EventDate "2006.11.12"]
[EventType "team"]
[EventRounds "11"]
[EventCountry "HUN"]
[SourceTitle "EXT 2008"]
[Source "ChessBase"]
[SourceDate "2007.11.25"]
[SourceVersion "1"]
[SourceVersionDate "2007.11.25"]
[SourceQuality "1"]
[WhiteTeam "Peti MTE"]
[BlackTeam "Zala Volan"]
[WhiteTeamCountry "HUN"]
[BlackTeamCountry "HUN"]

1. d4 d5 2. c4 c6 3. cxd5 cxd5 4. Nc3 Nf6 5. Bf4 Nc6 6. e3 a6 7. Bd3 e6 8. a3 Bd6 9. Nge2 Nh5 10. Bxd6 Qxd6 11. 0-0 Nf6 12. Na4 Na5 13. Rc1 0-0 14. Nc5 b6 15. Nb3 Ng4 16. Ng3 Nxb3 17. Qxb3 h5 18. Be2 Nxh2 19. Kxh2 h4 20. f4 hxg3+ 21. Kxg3 Bd7 22. Kf2 b5 23. Rh1 Rac8 24. Rce1 Rc4 25. Bxc4 dxc4 26. Qd1 g6 27. Rh2 Kg7 28. Reh1 Rg8 29. Qg4 Kf8 30. Rh8 Bc6 31. Qg5 Qd5 32. Rxg8+ Kxg8 33. Rh2 Qxg5 34. fxg5 a5 35. Ke1 b4 36. axb4 axb4 37. Kd2 Kg7 38. g3 f6 39. gxf6+ Kxf6 40. Rh8 Kf5 41. Rb8 b3 42. Rf8+ Kg5 43. Ke2 Be4 44. Kd2 Bd3 45. Rf4 Kh5 46. Rh4+ Kg5 47. e4 Bf1 48. d5 exd5 49. exd5 Bd3 50. Rd4 Kf6 51. Rxd3 cxd3 52. Kxd3 Ke5 53. Kc4 Kd6 54. Kd4 g5 55. g4 Kd7 56. Ke5 Ke7 57. Kf5 Kd6 58. Kxg5 Kxd5 59. Kf6 Kd4 60. g5 Kd3 61. g6 Kc2 62. g7 Kxb2 63. g8Q Kc2 64. Qc4+ Kb2 65. Ke5 Ka3 66. Kd4 b2 67. Kc3 b1N+ 68. Kc2 Nd2 69. Kxd2 1-0

[Event "HUN-chT2 Szechenyi 0607"]
[Site "Hungary"]
[Date "2006.11.26"]
[Round "2"]
[White "Ruszin, Tibor"]
[Black "Schleinig, Pal"]
[Result "0-1"]
[WhiteElo "2076"]
[BlackElo "2065"]
[PlyCount "112"]
[EventDate "2006.11.12"]
[EventType "team"]
[EventRounds "11"]
[EventCountry "HUN"]
[SourceTitle "EXT 2008"]
[Source "ChessBase"]
[SourceDate "2007.11.25"]
[SourceVersion "1"]
[SourceVersionDate "2007.11.25"]
[SourceQuality "1"]
[WhiteTeam "Zala Volan"]
[BlackTeam "Khelyi Spartacus"]
[WhiteTeamCountry "HUN"]
[BlackTeamCountry "HUN"]

1. e4 d6 2. d4 g6 3. f4 Bg7 4. Nf3 Nf6 5. Nc3 0-0 6. e5 dxe5 7. fxe5 Nd5 8. Bc4 Nxc3 9. bxc3 c5 10. Be3 Nc6 11. 0-0 Bg4 12. h3 Bxf3 13. Qxf3 e6 14. Qe4 Qc7 15. Bg5 Ne7 16. Rab1 b6 17. Be2 Nf5 18. Rf3 Rac8 19. Ba6 Qc6 20. Qf4 Rc7 21. Bb5 Qd5 22. g4 Ne7 23. Bf6 Nc6 24. Bxc6 Qxc6 25. Bxg7 Kxg7 26. Qf6+ Kg8 27. h4 Qe4 28. Rf4 Qe3+ 29. Kg2 cxd4 30. Rbf1 Rxc3 31. R4f3 Qe4 32. Kg3 Rc5 33. Rf4 Qxe5 34. Qxe5 Rxe5 35. Rxd4 f5 36. gxf5 exf5 37. Ra4 Rf7 38. Rf3 Rc5 39. c4 Rfc7 40. Rf4 Kf7 41. Kf3 Kf6 42. Ke3 h6 43. Kd3 g5 44. hxg5+ hxg5 45. Rd4 g4 46. Rb4 Kg5 47. Rb1 f4 48. Rg1 Re7 49. Rd5+ Rxd5+ 50. cxd5 Kf5 51. Kc4 f3 52. d6 Rd7 53. Kd5 f2 54. Rc1 g3 55. Rc7 f1Q 56. Rxd7 Qb5+ 0-1

[Event "HUN-chT2 Szechenyi 0506"]
[Site "Hungary"]
[Date "2005.10.30"]
[Round "2"]
[White "Ruszin, Tibor"]
[Black "Vincze, Otto"]
[Result "1/2-1/2"]
[WhiteElo "2030"]
[BlackElo "2035"]
[PlyCount "51"]
[EventDate "2005.10.16"]
[EventType "team"]
[EventRounds "11"]
[EventCountry "HUN"]
[SourceTitle "EXT 2009"]
[Source "ChessBase"]
[SourceDate "2008.11.26"]
[SourceVersion "1"]
[SourceVersionDate "2008.11.26"]
[SourceQuality "1"]
[WhiteTeam "Zala Volan"]
[BlackTeam "Ajka Banyasz"]
[WhiteTeamCountry "HUN"]
[BlackTeamCountry "HUN"]

1. e4 c6 2. d4 d5 3. Nc3 dxe4 4. Nxe4 Nd7 5. Bd3 Ngf6 6. Ng5 e6 7. N1f3 h6 8. Nxe6 fxe6 9. Bg6+ Ke7 10. 0-0 Qc7 11. Qe2 Nd5 12. g3 b5 13. c4 bxc4 14. Re1 N7f6 15. Ne5 Rb8 16. b3 c3 17. Ba3+ Kd8 18. Nf7+ Qxf7 19. Bxf7 Bxa3 20. Qc4 Rb6 21. Bxe6 Ba6 22. Qa4 Bb2 23. Rab1 Re8 24. Bf5 Rxe1+ 25. Rxe1 Nc7 26. b4 1/2-1/2